Learning Resource and Development

The Benigno Aquino III presidency and administration : (Record no. 31527)

MARC details
000 -LEADER
fixed length control field 03225nam a2200337 i 4500
003 - CONTROL NUMBER IDENTIFIER
control field CSPC
005 - DATE AND TIME OF LATEST TRANSACTION
control field 20260120105002.0
008 - FIXED-LENGTH DATA ELEMENTS--GENERAL INFORMATION
fixed length control field 260116s2018 ph a b 000 0 eng d
020 ## - INTERNATIONAL STANDARD BOOK NUMBER
International Standard Book Number 9789718567906
040 ## - CATALOGING SOURCE
Original cataloging agency CSPC
Language of cataloging eng
Transcribing agency CSPC
Description conventions rda
050 #4 - LIBRARY OF CONGRESS CALL NUMBER
Classification number DS686.617
Item number .B465 2018
082 04 - DEWEY DECIMAL CLASSIFICATION NUMBER
Classification number 959.9052
Item number B437
Edition number 22
245 04 - TITLE STATEMENT
Title The Benigno Aquino III presidency and administration :
Remainder of title self-assessments and alternative assessments (2010-2016) /
Statement of responsibility, etc. edited by Jose V. Abueva, [and 3 others].
264 #1 - PRODUCTION, PUBLICATION, DISTRIBUTION, MANUFACTURE, AND COPYRIGHT NOTICE
Place of production, publication, distribution, manufacture Diliman, Quezon City :
Name of producer, publisher, distributor, manufacturer Center for Leadership, Citizenship and Democracy, National College of Public Administration and Governance, University of the Philippines,
Date of production, publication, distribution, manufacture, or copyright notice 2018.
300 ## - PHYSICAL DESCRIPTION
Extent xvi, 456 pages :
Other physical details illustrations ;
Dimensions 25 cm.
336 ## - CONTENT TYPE
Source rdacontent
Content type term text
337 ## - MEDIA TYPE
Source rdamedia
Media type term unmediated
338 ## - CARRIER TYPE
Source rdacarrier
Carrier type term volume
500 ## - GENERAL NOTE
General note "Fifth U.P. Public Lectures on the Philippine Presidency and Administration."
504 ## - BIBLIOGRAPHY, ETC. NOTE
Bibliography, etc. note Includes bibliographical references.
505 0# - FORMATTED CONTENTS NOTE
Formatted contents note Part I. Self-assessments of the performance of the presidency and administration of President Benigno Aquino III -- Agrarian reform -- Agriculture -- Budget and management -- Finance -- Health -- Interior and local government -- Justice -- National defense -- Peace -- Poverty -- Social welfare and development -- Women -- Youth -- Part II. Contemporary views and alternative assessments of the performance of the Presidency and Administration of President Benigno Aquino III -- CARPER implementation of the department of agrarian reform under the Benigno C. Aquino III administration -- Weighing the rice self-sufficiency plan of the Aquino administration -- An assessment of the performance for the department of budget and management -- Finance: an alternative assessment -- 1The performance of the Aquino administration in the health sector -- An assessment of local governance and the performance of DILG -- The department of justice: an alternative assessment -- National security in the administration of Benigno S. C. Aquino III: shift from internal security to external security -- The performance of OPAPP: an alternative assessment -- The performance of the Benigno Aquino III administration in combatting poverty and inequality: an alternative assessment -- Human development and poverty reduction during the PNoy administration : an alternative view -- Independent assessment: department of transportation and communications (2010-2016) -- An alternative assessment of the women sector -- The state of the Filipino youth under the PNoy administration -- Climate change in the Aquino administration: successes, missed opportunities, and prospects -- The macro-economy under Benigno Aquino III.
600 1# - SUBJECT ADDED ENTRY--PERSONAL NAME
Personal name Aquino, Benigno III,
Dates associated with a name 1960-2021
General subdivision Administration.
650 #0 - SUBJECT ADDED ENTRY--TOPICAL TERM
Topical term or geographic name entry element Philippines
Form subdivision Politics and government
Chronological subdivision 2010-2016.
650 #0 - SUBJECT ADDED ENTRY--TOPICAL TERM
Topical term or geographic name entry element Philippines
General subdivision Presidents
Chronological subdivision 2010-2016.
700 1# - ADDED ENTRY--PERSONAL NAME
Personal name Abueva, Jose V.,
Relator term editor.
700 1# - ADDED ENTRY--PERSONAL NAME
Personal name Domingo, Ma. Olivia Z.,
Relator term editor.
700 1# - ADDED ENTRY--PERSONAL NAME
Personal name Diola, Maria Faina L.,
Relator term editor.
700 1# - ADDED ENTRY--PERSONAL NAME
Personal name Alampay, Erwin A.,
Relator term editor.
942 ## - ADDED ENTRY ELEMENTS (KOHA)
Source of classification or shelving scheme Dewey Decimal Classification
Suppress in OPAC No
Koha item type Books
Classification part 959.9052
Item part B437
Call number prefix FIL
Call number suffix 2018
Edition 22
Holdings
Withdrawn status Lost status Source of classification or shelving scheme Damaged status Not for loan Home library Current library Shelving location Date acquired Total Checkouts Full call number Barcode Date last seen Copy number Price effective from Koha item type
    Dewey Decimal Classification     Main Library Main Library Filipiniana Section 01/16/2026   FIL 959.9052 B437 2018 031062 01/16/2026 1-1 01/16/2026 Books